Anatomía del mexicano /

La presente obra es una compilación de diversos textos de intelectuales y escritores mexicanos que se han aproximado al tema de la cultura mexicana y la identidad del mexicano. En esta compilación se encuentran autores como Antonio Caso, José Vasconcelos, Samuel Ramos, Octavio Paz, Guillermo Bonfil...

Descrizione completa

Salvato in:
Dettagli Bibliografici
Autore principale: Bartra, Roger (selección)
Altri autori: Pérez Castillo, Mauricio (voz) (voz)
Natura: Libro
Lingua:spagnolo
Pubblicazione: México : Penguin, 2022, c2022
Serie:(Ensayo Penguin)
Soggetti:
Accesso online:Ver documento en línea
Tags: Aggiungi Tag
Nessun Tag, puoi essere il primo ad aggiungerne!!

MARC

LEADER 00000nam^a2200000^a^4500
001 000454995
005 20260518155422.0
009 20260526145547.295
020 |a 9786073818094 
037 |a Acervo ITESO - Biblioteca 
041 |a SON 
041 |a ESP 
082 |a 306. 40972  |b BAR 
100 |a Bartra, Roger  |e (selección) 
245 1 0 |a Anatomía del mexicano /  |c Selec. y pról. de R. Bartra ; voz de M. Pérez Castillo. 
264 1 |a México :  |b Penguin,  |c 2022, c2022 
264 2 |a Cartagena, España :  |b Odilo [distribución],  |c 2022 
300 |a 1 audiolibro en línea (722 minutos) 
300 |a 1 recurso en línea 
336 |a datos para computadora  |b cod  |2 rdacontenido 
337 |a computadora  |b c  |2 rdamedio 
338 |a recurso en línea  |b cr  |2 rdasoporte 
440 1 |a (Ensayo Penguin) 
506 1 |a 1 licencia 
520 |a La presente obra es una compilación de diversos textos de intelectuales y escritores mexicanos que se han aproximado al tema de la cultura mexicana y la identidad del mexicano. En esta compilación se encuentran autores como Antonio Caso, José Vasconcelos, Samuel Ramos, Octavio Paz, Guillermo Bonfil o el mismo Roger Bartra. 
521 |a Odilo 2022 DIA 
546 |a Edición sonora con voz en español 
586 |a Premio Nobel de Literatura 1990: Antologías 
586 |a Premio Príncipe de Asturias de Comunicación y Humanidades 1993: Antologías 
586 |a Premio Miguel de Cervantes 1981: Antologías 
586 |a Premio Nacional de Ciencias y Artes, categoría Lingüística y Literatura (28°: 1977): Antologías 
586 |a Premio Nacional de Ciencias y Artes, categoría Historia, Ciencias Sociales y Filosofía (64°: 2013), ex aequo: Antologías 
649 |a XX 
650 |a Mexicanos -  |x Condiciones Sociales y Culturales -  |x Tema Principal 
650 |a Mexicanos -  |x Condiciones Psicológicas 
650 |a Identidad Personal -  |z México 
650 |a Identidad Nacional -  |z México 
650 |a Identidad Cultural -  |z México 
650 |a Etnopsicología -  |z México 
650 |a Psicología Social 
650 |a Sociología de la Cultura 
700 |a Pérez Castillo, Mauricio  |e (voz) 
856 4 0 |u https://iteso-odilotk-es.ezproxy.iteso.mx/info/02717449  |y Ver documento en línea 
910 |a Fondo General 
920 |a Electrónicos - Audiolibros en Línea 
930 |a Plataforma Digital 
905 |a 208 
901 |a 454995-1  |b IT2  |c ABO  |i C180438  |u 20250521 
902 |a https://opac.biblio.iteso.mx/vufind/Record/000454995